Prehistoric Nature all Moblies and Statics - Statistics

General Stats
  • This quiz has been taken 30 times
    9 since last reset
  • The average score is 144 of 1561
Answer Stats
Palaeopedia Name PN Index # Modeler / Texturer % Correct
Jurassic Allosaurus 873 Erebus
86%
Cambrian Anomalocaris 20 B_Wither
86%
Early Cretaceous Acrocanthosaurus 1132 Orb/Indiyu
57%
Precambrian Ancient Jellyfish 354 B_Wither
57%
Ordovician Cameroceras 232 Auraboros
57%
Precambrian Dickinsonia 341 B_Wither
57%
Devonian Harvestman 6 B_Wither
57%
Cambrian Opabinia 52 B_Wither
57%
Precambrian Sponge 15 Rob
57%
Jurassic Yi qi 866 Erebus/Jamie
57%
Cambrian Amplectobelua 19 B_Wither
43%
Jurassic Apatosaurus 853 Orb/Indiyu
43%
Carboniferous Arthropleura 80 Orb/Italian Paleogirl
43%
Early Cretaceous Atlantic Sea Nettle Jellyfish 2 Totemaster
43%
Ordovician Bivalves 4 Lemon
43%
Jurassic Brachiosaurus 875 Orb/Italian Paleogirl
43%
Cambrian Canadaspis 25 B_Wither
43%
Jurassic Ceratosaurus 715 Italian Paleogirl
43%
Paleogene Compass Jellyfish 5 Totemaster
43%
Jurassic Dakosaurus 671 B_Wither
43%
Early Cretaceous Deinonychus 1222 Orb/Indiyu
43%
Permian Dimetrodon 278 Totemaster
43%
Jurassic Dimorphodon 869 Italian Paleogirl
43%
Jurassic Diplodocus 877 Orb/Corezy
43%
Jurassic Dryosaurus 621 Italian Paleogirl
43%
Devonian Dunkleosteus 166 Totemaster
43%
Permian Edaphosaurus 93 Lemon
43%
Precambrian Eukaryotic Mat 1231 Devon
43%
Jurassic Gasosaurus 836 Italian Paleogirl
43%
Cambrian Hallucigenia 35 B_Wither
43%
Precambrian Huainan Mat 1232 Devon
43%
Jurassic Ichthyosaurus 898 Lemon/Corezy
43%
Devonian Ichthyostega 185 B_Wither
43%
Jurassic Kentrosaurus 619 Lemon
43%
Cambrian Laminacaris 41 B_Wither
43%
Jurassic Litargosuchus 1077 Lemon
43%
Permian Lystrosaurus 298 Totemaster
43%
Jurassic Megalosaurus 576 Dark Gamer
43%
Jurassic Miragaia 886 Italian Paleogirl
43%
Carboniferous Ophiacodon 117 Bteronyx/Rob
43%
Jurassic Ophthalmosaurus 579 Italian Paleogirl
43%
Ordovician Orthoceras 249 Auraboros/B_Wither
43%
Cambrian Ottoia 54 B_Wither
43%
Early Cretaceous Pacific Sea Nettle Jellyfish 10 Totemaster
43%
Jurassic Plesiosaurus 897 Erebus
43%
Carboniferous Roachoids 12 B_Wither
43%
Cambrian Sea Anemone 14 Rob
43%
Cambrian Sea Pen 1001 Indiyu
43%
Cambrian Skeemella 570 Erebus
43%
Triassic Smilosuchus 513 B_Wither/Lemon
43%
Jurassic Stegosaurus 839 [Lemon/Italian Paleogirl]/Indiyu
43%
Devonian Tiktaalik 533 B_Wither
43%
Devonian Titanichthys 213 B_Wither
43%
Jurassic Torvosaurus 874 Erebus/Indiyu
43%
Cambrian Acadoparadoxides 17 Orb/Magical
29%
Devonian Acanthodes 147 B_Wither
29%
Devonian Acanthostega 148 B_Wither
29%
Carboniferous Acrolepis 73 Italian Paleogirl
29%
Silurian Acutiramus 365 B_Wither
29%
Devonian Adelophthalmus 149 B_Wither
29%
Jurassic Adeopapposaurus 879 Erebus
29%
Ordovician Aegirocassis 226 B_Wither
29%
Triassic Aetosauroides 1542 Scrotum Humanum
29%
Early Cretaceous Albanerpeton 1198 B_Wither
29%
Precambrian Alienum 1032 Devon
29%
Early Cretaceous Anatosuchus 1202 Lemon
29%
Jurassic Anchiornis 856 B_Wither
29%
Jurassic Anchisaurus 890 Totemaster
29%
Devonian Angelacanthus 1550 Lemon/B_Wither
29%
Early Cretaceous Anhanguera 1220 Lemon/Devon
29%
Jurassic Anurognathus 868 Lemon
29%
Ordovician Aphetoceras 227 Auraboros
29%
Devonian Archaeocidaris 151 B_Wither
29%
Jurassic Archaeopteryx 870 B_Wither/Indiyu
29%
Jurassic Asteracanthus 590 B_Wither
29%
Jurassic Asteroceras 438 Totemaster
29%
Triassic Austriadactylus 441 Emil
29%
Cambrian Banffia 21 B_Wither
29%
Jurassic Barosaurus 1370 Orb/Corezy
29%
Paleogene Barrel Jellyfish 3 Totemaster
29%
Devonian Bothriolepis 154 Totemaster
29%
Devonian Bungartius 611 B_Wither
29%
Cambrian Burgessia 943 Orb/Magical
29%
Cambrian Burgessomedusa 905 Lemon
29%
Jurassic Camarasaurus 876 B_Wither
29%
Jurassic Camptosaurus 862 Italian Paleogirl
29%
Cambrian Canadia 26 Erebus
29%
Devonian Carolowilhelmina 157 B_Wither
29%
Triassic Ceratites 452 Totemaster
29%
Triassic Ceratodus 453 B_Wither
29%
Precambrian Charnia 336 Devon
29%
Precambrian Charniodiscus 337 B_Wither/Devon
29%
Cambrian Chaunograptus 399 Rob
29%
Ordovician Cheirurus 27 B_Wither
29%
Triassic Coelophysis 457 Totemaster
29%
Jurassic Compsognathus 871 Italian Paleogirl
29%
Cambrian Cordubia 906 Lemon
29%
Permian Cotylorhynchus 272 Rob
29%
Silurian Crotalocephalus 371 Italian Paleogirl
29%
Jurassic Cryolophosaurus 843 Erebus
29%
Jurassic Cumnoria 882 Italian Paleogirl/Jamie
29%
Triassic Cynognathus 460 Totemaster
29%
Jurassic Dactylioceras 219 Totemaster
29%
Ordovician Dalmanites 236 Italian Paleogirl
29%
Triassic Desmatosuchus 463 Lemon/B_Wither
29%
Permian Diadectes 276 Totemaster
29%
Ordovician Didymograptus 238 Totemaster
29%
Jurassic Dilophosaurus 872 Italian Paleogirl
29%
Devonian Diplacanthus 556 B_Wither
29%
Triassic Drepanosaurus 1109 Nitro
29%
Devonian Eastmanosteus 580 Italian Paleogirl
29%
Carboniferous Edestus 94 Totemaster
29%
Triassic Effigia 464 B_Wither
29%
Jurassic Elaphrosaurus 888 Totemaster
29%
Cambrian Eldonia 908 Lemon
29%
Cambrian Elrathia 30 B_Wither
29%
Silurian Encrinus 409 Rob
29%
Ordovician Endoceras 239 Auraboros
29%
Silurian Entelognathus 583 Erebus
29%
Silurian Eoarthropleura 372 B_Wither
29%
Cambrian Eoredlichia 31 B_Wither
29%
Permian Estemmenosuchus 288 Totemaster
29%
Triassic Eudimorphodon 470 Emil
29%
Jurassic Europasaurus 821 B_Wither/JW
29%
Early Cretaceous Falcarius 1199 Totemaster
29%
Early Cretaceous Fukuisaurus 1437 B_Wither
29%
Early Cretaceous Fukuivenator 1441 B_Wither
29%
Jurassic Geosaurus 744 Erebus/Indiyu
29%
Jurassic Germanodactylus 1029 Lemon/Indiyu
29%
Jurassic Giraffatitan 1129 [Erebus, Italian, Lemon, Orb]/Skop
29%
Devonian Goldringia 1112 Indiyu
29%
Devonian Gondwanascorpio 174 B_Wither
29%
Devonian Goniatites 175 Totemaster
29%
Permian Gorgonops 291 Totemaster
29%
Cambrian Haikouichthys 34 Erebus/Lemon
29%
Carboniferous Harpacanthus 718 Lemon
29%
Permian Helicoprion 292 Totemaster
29%
Triassic Herrerasaurus 531 B_Wither/Eru Calypso
29%
Jurassic Heterodontosaurus 857 Italian Paleogirl
29%
Devonian Heterosteus 180 B_Wither
29%
Devonian Hibernaspis 182 Scrotum Humanum
29%
Ordovician Hungioides 242 Orb
29%
Jurassic Hybodus 222 B_Wither
29%
Early Cretaceous Iguanodon 1347 Italian Paleogirl
29%
Permian Inostrancevia 293 Skop
29%
Ordovician Iowagnathus 832 B_Wither
29%
Ordovician Isotelus 243 B_Wither
29%
Early Cretaceous Jinyunpelta 1200 Orb/Jamie
29%
Triassic Keichousaurus 480 Lemon
29%
Early Cretaceous Koolasuchus 1151 B_Wither
29%
Early Cretaceous Kronosaurus 1281 Lemon/Magical
29%
Carboniferous Land Snail 108 Indiyu
29%
Jurassic Leedsichthys 896 Italian Paleogirl
29%
Jurassic Leptolepis 586 Lemon
29%
Triassic Lessemsaurus 481 Emil/Indiyu
29%
Triassic Liliensternus 482 Totemaster
29%
Triassic Limulid Horseshoe Crab 7 B_Wither
29%
Pleistocene Lions Mane Jellyfish 8 Totemaster
29%
Jurassic Liopleurodon 1282 Skop/Indiyu
29%
Triassic Lisowicia 483 Emil/Italian Paleogirl
29%
Triassic Longisquama 930 B_Wither
29%
Jurassic Lufengosaurus 963 B_Wither
29%
Jurassic Mamenchisaurus 880 Erebus/JW
29%
Cambrian Marrella 44 B_Wither
29%
Triassic Mastodonsaurus 487 Erebus
29%
Early Cretaceous Mawsonia 1143 B_Wither
29%
Devonian Megalodon 420 Nitro
29%
Ordovician Megalograptus 248 Orb
29%
Carboniferous Meganeura 114 B_Wither
29%
Permian Meganeuropsis 300 B_Wither
29%
Silurian Mixopterus 376 B_Wither
29%
Triassic Mixosaurus 629 Italian Paleogirl
29%
Silurian Monograptus 377 Totemaster
29%
Jurassic Monolophosaurus 965 Orb/Italian Paleogirl
29%
Early Cretaceous Moon Jellyfish 9 Totemaster
29%
Cambrian Nectocaris 47 B_Wither
29%
Early Cretaceous Nigersaurus 1219 Totemaster
29%
Precambrian Obamus 1250 Devon
29%
Cambrian Odaraia 48 B_Wither
29%
Cambrian Olenellus 847 Magical
29%
Cambrian Omnidens 51 B_Wither
29%
Jurassic Ophthalmothule 752 Lemon
29%
Jurassic Ornitholestes 855 B_Wither
29%
Ordovician Ozarkodina 831 B_Wither
29%
Devonian Panderichthys 200 B_Wither
29%
Ordovician Panderodus 250 B_Wither
29%
Cambrian Paradoxides 55 Orb/Magical
29%
Late Cretaceous Parapuzosia 146 Totemaster
29%
Triassic Parhybodus 497 B_Wither
29%
Early Cretaceous Patagotitan 1315 Orb/Corezy
29%
Cambrian Paucipodia 56 B_Wither
29%
Ordovician Pentecopterus 1079 B_Wither/Magical
29%
Ordovician Phacops 980 Magical
29%
Late Cretaceous Phosphorosaurus 1451 B_Wither
29%
Ordovician Phyllograptus 974 Lemon
29%
Jurassic Piatnitzkysaurus 838 Scoob&Shaggy/Indiyu
29%
Cambrian Pikaia 58 Totemaster
29%
Triassic Plateosaurus 500 Italian Paleogirl
29%
Permian Platyhystrix 309 Lemon
29%
Jurassic Pliosaurus 895 Italian Paleogirl
29%
Triassic Postosuchus 502 Emil/Totemaster
29%
Late Cretaceous Prenocephale 1372 Lemon
29%
Permian Prionosuchus 310 Totemaster
29%
Jurassic Proceratosaurus 860 Italian Paleogirl
29%
Cambrian Proconodontus 830 B_Wither
29%
Cambrian Profallotaspis 60 Orb
29%
Triassic Proterosuchus 672 Italian Paleogirl (Hapyrr Request)
29%
Triassic Pseudotherium 503 B_Wither
29%
Early Cretaceous Psittacosaurus sinensis 1137 Jamie
29%
Jurassic Pterodactylus 864 Lemon
29%
Silurian Pterygotus 386 B_Wither
29%
Jurassic Rhamphorhynchus 863 Erebus
29%
Carboniferous Rhizodus 129 B_Wither
29%
Permian Robertia 317 B_Wither
29%
Ordovician Rugose Coral 13 Totemaster
29%
Ordovician Sacabambaspis 252 B_Wither
29%
Triassic Saurosuchus 506 Erebus
29%
Jurassic Schoenesmahl 1022 B_Wither
29%
Permian Scutosaurus 320 Totemaster
29%
Ordovician Selenopeltis 253 B_Wither
29%
Triassic Semionotus 509 B_Wither
29%
Triassic Shonisaurus 510 Emil
29%
Triassic Silesaurus 623 Italian Paleogirl
29%
Triassic Sillosuchus 512 B_Wither/Indiyu
29%
Jurassic Sinraptor 884 Totemaster
29%
Triassic Smok 514 Indom/Italian Paleogirl
29%
Carboniferous Sphenacodon 133 Emil/Rob
29%
Ordovician Tabulate Coral 16 Totemaster
29%
Cambrian Tamisiocaris 647 Erebus
29%
Early Cretaceous Tapejara 1218 Italian Paleogirl/[Italian Paleogirl/Nitro]
29%
Triassic Tawa 1365 Italian Paleogirl
29%
Ordovician Tetragraptus 255 Totemaster
29%
Jurassic Titanites 225 Totemaster
29%
Carboniferous Tullimonstrum 138 B_Wither
29%
Cambrian Tuzoia 1114 B_Wither
29%
Early Cretaceous Tyrannotitan 1041 Totemaster
29%
Precambrian Uncus 1271 Devon
29%
Devonian Vadarocrinus 432 Rob
29%
Cambrian Wiwaxia 68 B_Wither
29%
Cambrian Xenusion 69 B_Wither
29%
Jurassic Yangchuanosaurus 867 Totemaster
29%
Precambrian Yilingia 363 B_Wither
29%
Cambrian Yunnanoascus 1 B_Wither
29%
Cambrian Yunnanozoon 72 B_Wither
29%
Jurassic Yuxisaurus 837 Lemon
29%
Early Cretaceous Abrigramma 804 B_Wither
14%
Silurian Acheronauta 1115 B_Wither
14%
Early Cretaceous Adocus 1446 B_Wither
14%
Triassic Aeger 435 B_Wither
14%
Early Cretaceous Aetheogramma 803 B_Wither
14%
Jurassic Aetheolepis 575 Lemon
14%
Silurian Ainiktozoon 366 B_Wither
14%
Carboniferous Akmonistion 74 B_Wither
14%
Early Cretaceous Albalophosaurus 1135 B_Wither
14%
Triassic Albertonia 436 Totemaster
14%
Cambrian Allonnia 390 Rob
14%
Permian Alopecognathus 311 Totemaster
14%
Silurian Americaspis 1549 Lemon
14%
Carboniferous Amphibamus 76 B_Wither
14%
Carboniferous Amphicentrum 1064 B_Wither
14%
Ordovician Ampyx 544 Indiyu
14%
Early Cretaceous Anchura 1195 Indiyu
14%
Carboniferous Anderella 1059 B_Wither
14%
Devonian Angustidontus 658 B_Wither
14%
Silurian Anjiaspis 1503 Lemon
14%
Carboniferous Antarcticarcinus 77 B_Wither
14%
Permian Anteosaurus 257 Totemaster
14%
Devonian Antineosteus 150 Italian Paleogirl
14%
Carboniferous Apateon 1117 B_Wither
14%
Jurassic Aphnelepis 572 Lemon
14%
Early Cretaceous Araripesuchus 1167 Lemon
14%
Permian Araxoceras 1531 Indiyu
14%
Precambrian Arborea 330 Devon
14%
Carboniferous Arborispongia 998 B_Wither
14%
Carboniferous Archaeothyris 1013 Skop
14%
Carboniferous Archisymplectes 1296 Devon
14%
Permian Archosaurus 258 Erebus/Lemon
14%
Jurassic Arduafrons 574 Italian Paleogirl
14%
Carboniferous Argentinala 1413 B_Wither
14%
Triassic Arizonasaurus 437 Erebus
14%
Ordovician Asaphus 229 B_Wither
14%
Silurian Ascoceras 548 Lemon
14%
Ordovician Astraspis 230 Orb
14%
Silurian Athenaegis 632 Lemon
14%
Triassic Atopodentatus 439 B_Wither
14%
Precambrian Attenborites 1002 Devon
14%
Ordovician Aulacera 393 Rob
14%
Triassic Aulacoceras 440 B_Wither
14%
Early Cretaceous Australiceras 1185 Indiyu
14%
Carboniferous Australichthys 1058 B_Wither
14%
Late Cretaceous Baculites 1397 Indiyu
14%
Carboniferous Balanerpeton 81 B_Wither
14%
Carboniferous Bandringa 82 B_Wither
14%
Triassic Banksiops 927 Skop
14%
Carboniferous Barameda 535 B_Wither
14%
Jurassic Batrachognathus 891 Lemon
14%
Triassic Batrachotomus 443 Erebus
14%
Jurassic Bavariscyllium 785 Lemon
14%
Triassic Besanosaurus 445 Italian Paleogirl
14%
Triassic Birgeria 446 B_Wither
14%
Silurian Birkenia 368 Lemon
14%
Permian Bobasatrania 263 Italian Paleogirl
14%
Early Cretaceous Bone Worm 1223 Rob
14%
Early Cretaceous Borealopelta 1348 Orb/Indiyu
14%
Ordovician Brachiospongia 1225 Indiyu
14%
Jurassic Brachytrachelopan 1318 Italian Paleogirl
14%
Devonian Brindabellaspis 596 Lemon
14%
Devonian Brochoadmones 155 Italian Paleogirl
14%
Permian Bunostegos 264 Lemon
14%
Permian Cacops 265 B_Wither
14%
Triassic Caelestiventus 448 Emil
14%
Jurassic Caihong 964 Lemon/Indiyu
14%
Early Cretaceous Caiuajara 1320 Lemon/Indiyu
14%
Silurian Camanchia 1071 Devon
14%
Cambrian Cambroraster 24 B_Wither
14%
Devonian Campbellodus 156 Totemaster
14%
Cambrian Capinatator 939 Lemon
14%
Cambrian Capsospongia 1510 Devon
14%
Permian Captorhinus 266 Erebus
14%
Carboniferous Carbotubulus 1065 B_Wither
14%
Silurian Carcinosoma 370 B_Wither
14%
Ordovician Carolinites 707 Indiyu
14%
Cambrian Caryosyntrips 681 Italian Paleogirl
14%
Carboniferous Casineria 85 Lemon
14%
Ordovician Cassinoceras 562 Lemon
14%
Early Cretaceous Caudipteryx 1343 Nitro
14%
Triassic Caviramus 451 Totemaster
14%
Jurassic Celtedens 800 B_Wither
14%
Early Cretaceous Chama 1501 Lemon/Indiyu
14%
Early Cretaceous Chaoyangopterus 1374 Lemon
14%
Devonian Cheloniellon 159 B_Wither
14%
Jurassic Chilesaurus 854 Totemaster
14%
Triassic Chinlea 454 B_Wither
14%
Carboniferous Chondrenchelys 1009 Lemon
14%
Devonian Chotecops 563 B_Wither
14%
Jurassic Chunerpeton 736 B_Wither
14%
Triassic Clevosaurus 456 B_Wither
14%
Ordovician Climacograptus 973 Lemon
14%
Permian Coelacanthus 269 Totemaster
14%
Permian Coelostylina 1391 Indiyu
14%
Permian Coelurosauravus 270 B_Wither
14%
Ordovician Cothurnocystis 233 B_Wither
14%
Carboniferous Crassigyrinus 86 B_Wither
14%
Early Cretaceous Cretalamna 1291 B_Wither
14%
Cambrian Ctenorhabdotus 909 Lemon
14%
Permian Ctenospondylus 273 B_Wither
14%
Silurian Cyathocrinus 401 Rob
14%
Precambrian Cyclomedusa 904 Lemon
14%
Triassic Cymbospondylus 459 Erebus
14%
Triassic Daedalichthys 461 B_Wither
14%
Jurassic Damselfly 1422 B_Wither
14%
Triassic Dapedium 462 Italian Paleogirl
14%
Carboniferous Datheosaurus 88 Lemon
14%
Ordovician Deiroceras 237 B_Wither
14%
Carboniferous Delitzschala 89 B_Wither
14%
Ordovician Dendrograptus 402 Rob
14%
Jurassic Dendrorhynchoides 892 Lemon/Indiyu
14%
Permian Deuterosaurus 996 Skop
14%
Triassic Diademodon 1125 Devon
14%
Jurassic Dicraeosaurus 889 Corezy
14%
Devonian Dicranurus 660 Erebus
14%
Permian Diictodon 277 B_Wither
14%
Carboniferous Diplocaulus 91 Orb
14%
Permian Diploceraspis 279 B_Wither
14%
Late Cretaceous Diplomoceras 1381 Indiyu
14%
Ordovician Discophyllum 910 Lemon
14%
Precambrian Diskagma 848 Troodontid
14%
Jurassic Docodon 737 Totemaster
14%
Permian Dorypterus 280 B_Wither
14%
Carboniferous Dracopristis 92 B_Wither
14%
Jurassic Dragonfly 767 Magical
14%
Devonian Drotops 165 Orb
14%
Jurassic Dubreuillosaurus 850 Italian Paleogirl
14%
Permian Dunbaria 281 B_Wither
14%
Ordovician Duslia 692 B_Wither
14%
Permian Dvinia 282 Emil
14%
Permian Dvinosaurus 283 B_Wither
14%
Jurassic Dysalotosaurus 622 Italian Paleogirl
14%
Permian Ebenaqua 284 B_Wither
14%
Ordovician Echinosphaerites 407 Rob
14%
Precambrian Ediacaria 903 Lemon
14%
Devonian Eglonaspis 167 B_Wither
14%
Jurassic Elasmodectes 666 Lemon
14%
Cambrian Ellipsocephalus 29 B_Wither
14%
Early Cretaceous Enchodus 1142 B_Wither
14%
Permian Endothiodon 614 Rob
14%
Early Cretaceous Eocarcharia 1221 Orb/Eru
14%
Jurassic Eocursor 1040 Italian Paleogirl
14%
Triassic Eoraptor 465 Emil/Rob
14%
Triassic Eorhynchochelys 466 Lemon
14%
Permian Eosimops 286 B_Wither
14%
Silurian Eramoscorpius 932 B_Wither
14%
Silurian Erettopterus 1508 Wither/Magical
14%
Permian Eryops 287 B_Wither
14%
Permian Euchambersia 289 Erebus
14%
Jurassic Eulithota 923 Lemon
14%
Triassic Euparkeria 471 Erebus
14%
Late Cretaceous Eupodophis 1490 Lemon/Eru
14%
Jurassic Eurhinosaurus 746 Italian Paleogirl
14%
Carboniferous Eurynotus 1096 B_Wither
14%
Devonian Eusthenopteron 169 B_Wither
14%
Jurassic Eustreptospondylus 1014 Dark Gamer
14%
Carboniferous Fadenia 96 B_Wither
14%
Carboniferous Falcatus 97 Lemon
14%
Devonian Flagellopantopus 991 B_Wither
14%
Carboniferous Foordella 994 Indiyu
14%
Early Cretaceous Fukuiraptor 1440 B_Wither
14%
Early Cretaceous Fukuititan 1438 B_Wither
14%
Late Cretaceous Futabasaurus 1450 B_Wither
14%
Devonian Gabreyaspis 171 Lemon
14%
Jurassic Gargoyleosaurus 859 Lemon
14%
Early Cretaceous Gastonia 1338 Lemon/Indiyu
14%
Devonian Gemuendina 173 B_Wither
14%
Carboniferous Gephyrostegus 696 Lemon
14%
Ordovician Geragnostus 1069 Devon
14%
Carboniferous Gerarus 98 [Tote / Nitro] / [Tote / Nitro]
14%
Permian Gerobatrachus 1545 Totemaster
14%
Carboniferous Gigantoscorpio 99 B_Wither
14%
Jurassic Gigantspinosaurus 796 Lemon
14%
Jurassic Glacialisaurus 878 B_Wither/Indiyu
14%
Late Cretaceous Gladiopycnodus 1466 Lemon
14%
Permian Glaurung 290 Auraboros
14%
Early Cretaceous Gobiconodon 1189 Totemaster/Eru
14%
Carboniferous Gondwanarachne 1020 B_Wither
14%
Devonian Goodradigbeeon 600 Lemon
14%
Triassic Gosfordia 977 Jamie
14%
Carboniferous Gregorius 1007 Lemon
14%
Devonian Griphognathus 584 Indiyu
14%
Devonian Groenlandaspis 176 Lemon
14%
Jurassic Guanlong 865 Totemaster
14%
Silurian Guiyu 634 Italian Paleogirl
14%
Carboniferous Gyracanthides 101 B_Wither
14%
Carboniferous Hadronector 721 Lemon
14%
Jurassic Haldanodon 801 B_Wither
14%
Precambrian Hallidaya 1240 Devon
14%
Early Cretaceous Hamulina 1174 Indiyu
14%
Triassic Hangingfly 1415 Nitro
14%
Carboniferous Haplolepis 1054 B_Wither
14%
Late Cretaceous Haqelpycnodus 1496 Lemon
14%
Ordovician Harpes 541 Lemon
14%
Devonian Helianthaster 177 B_Wither
14%
Triassic Heliobranchia 922 Lemon
14%
Devonian Heliopeltis 178 Orb/Lemon
14%
Cambrian Helmetia 36 Orb
14%
Carboniferous Helodus 1534 Lemon/Python
14%
Devonian Hibbertopterus 181 B_Wither
14%
Triassic Holocrinus 529 Rob
14%
Devonian Holonema 183 Lemon
14%
Carboniferous Homaloneura 102 B_Wither
14%
Ordovician Homalonotus 1530 Devon
14%
Carboniferous Homoioptera 103 B_Wither
14%
Precambrian Horodyskia 809 Troodontid
14%
Jurassic Huayangosaurus 820 Orb/[Corezy/Lemon]
14%
Devonian Hyneria 184 B_Wither
14%
Triassic Hypsognathus 478 Lemon
14%
Triassic Hypuronector 929 Nitro
14%
Ordovician Iowacystis 711 Erebus
14%
Permian Jimbacrinus 416 Rob
14%
Permian Jonkeria 294 Emil
14%
Permian Kaibabvenator 295 B_Wither
14%
Ordovician Kalbarria 244 B_Wither
14%
Jurassic Kalligramma 759 B_Wither
14%
Jurassic Kaykay 747 Italian Paleogirl/JW
14%
Ordovician Keurbos 1367 B_Wither
14%
Cambrian Kleptothule 793 Orb/Magical
14%
Jurassic Knoetschkesuchus 1076 Lemon
14%
Late Cretaceous Koleken 1500 Totemaster
14%
Cambrian Kootenayscolex 815 B_Wither
14%
Jurassic Kosmoceras 667 B_Wither/Indiyu
14%
Carboniferous Kreischeria 107 B_Wither
14%
Jurassic Kulindadromeus 716 Totemaster
14%
Devonian Laccognathus 187 B_Wither
14%
Carboniferous Lebachacanthus 297 B_Wither
14%
Silurian Lepidaster 663 B_Wither
14%
Carboniferous Lepidasterella 1118 B_Wither
14%
Jurassic Leptoteuthis 962 B_Wither
14%
Jurassic Limusaurus 852 Erebus
14%
Carboniferous Lithomantis 111 B_Wither
14%
Ordovician Lituites 245 Lemon
14%
Triassic Lonchidion 484 B_Wither
14%
Jurassic Loricatosaurus 1317 Orb/Eru
14%
Triassic Lotosaurus 485 Totemaster
14%
Devonian Lunaspis 189 Italian Paleogirl
14%
Ordovician Lunataspis 246 B_Wither
14%
Devonian Lungmenshanaspis 190 Italian Paleogirl
14%
Early Cretaceous Luskhan 1164 Lemon
14%
Jurassic Lusotitan 1004 Orb/Indiyu
14%
Jurassic Lusovenator 1003 Orb/[Jamie/Nitro]
14%
Carboniferous Lycocercus 112 B_Wither
14%
Jurassic Lytoceras 1388 Indiyu
14%
Jurassic Machimosaurus 1139 Erebus
14%
Ordovician Maclurina 247 B_Wither
14%
Jurassic Macromesodon 577 Italian Paleogirl
14%
Jurassic Magnipterygius 1292 Jamie/Python
14%
Devonian Manticoceras 191 Totemaster
14%
Carboniferous Marmolatella 651 Indiyu
14%
Jurassic Marmorerpeton 802 Erebus
14%
Devonian Materpiscis 610 Totemaster
14%
Permian Mayfly 1412 Nitro
14%
Devonian Mcnamaraspis 192 Italian Paleogirl
14%
Jurassic Mecochirus 782 B_Wither
14%
Silurian Megamastax 635 Erebus
14%
Permian Meganeurites 766 Magical
14%
Carboniferous Megarachne 115 B_Wither
14%
Jurassic Megateuthis 1387 B_Wither
14%
Triassic Megazostrodon 488 Totemaster
14%
Ordovician Megistaspis 705 Indiyu
14%
Permian Melanerpeton 84 B_Wither
14%
Permian Melosaurus 489 Erebus
14%
Jurassic Metopacanthus 683 Lemon
14%
Carboniferous Microbrachis 1121 B_Wither
14%
Cambrian Microdictyon 46 B_Wither
14%
Devonian Miguashaia 551 B_Wither
14%
Devonian Mimetaster 193 B_Wither
14%
Devonian Monstrocrinus granosus 1552 Rob
14%
Devonian Monstrocrinus securifer 1551 Rob/Nitro
14%
Devonian Montecaris 194 B_Wither
14%
Triassic Mooreodontus 1015 B_Wither
14%
Triassic Morganucodon 492 Totemaster
14%
Permian Moschops 303 Totemaster
14%
Cambrian Mosura 1521 B_Wither
14%
Jurassic Mymoorapelta 881 B_Wither
14%
Carboniferous Myriacantherpestes 641 B_Wither/Magical
14%
Devonian Nahecaris 561 B_Wither
14%
Jurassic Nannopterygius 1295 Italian Paleogirl
14%
Early Cretaceous Neoceratodus 1144 B_Wither
14%
Silurian Nerepisacanthus 553 Lemon
14%
Cambrian Nesonektris 950 Lemon
14%
Permian Nigerpeton 1042 Orb
14%
Precambrian Nimbia 902 Lemon
14%
Early Cretaceous Notopala 1194 Indiyu
14%
Carboniferous Octomedusa 918 Lemon
14%
Cambrian Oesia 50 B_Wither
14%
Ordovician Ogyginus 549 Indiyu
14%
Jurassic Omeisaurus 1319 Italian Paleogirl/Indiyu
14%
Devonian Onychodus 195 B_Wither
14%
Triassic Opolanka 495 B_Wither
14%
Carboniferous Opsieobuthus 118 B_Wither
14%
Carboniferous Orestiacanthus 1010 Lemon
14%
Carboniferous Orthacanthus 1535 B_Wither
14%
Devonian Osteolepis 196 Italian Paleogirl
14%
Precambrian Otavia 1233 Devon/[Devon/Rob]
14%
Late Cretaceous Pachydesmoceras 144 Totemaster
14%
Devonian Palaeocharinus 198 B_Wither
14%
Precambrian Palaeopascichnids 1257 Devon
14%
Silurian Palaeotarbus 378 B_Wither
14%
Devonian Paleoctenophora 915 Lemon
14%
Permian Pampaphoneus 928 Skop
14%
Triassic Panacanthocaris 773 Magical
14%
Jurassic Panguraptor 628 Erebus
14%
Triassic Panzhousaurus 496 Lemon
14%
Precambrian Paracharnia 1275 Devon
14%
Jurassic Paradapedium 791 Italian Paleogirl
14%
Devonian Parameteoraspis 631 Italian Paleogirl
14%
Cambrian Parapeytoia 524 B_Wither
14%
Devonian Parawocklumeria 1376 Indiyu
14%
Precambrian Parvancorina 352 B_Wither
14%
Jurassic Paulchoffatia 1339 Nitro
14%
Jurassic Pentacrinites 826 Rob
14%
Permian Permarachne 1410 B_Wither
14%
Permian Permotarbus 308 B_Wither
14%
Silurian Petalocrinus 421 Rob
14%
Carboniferous Phillipsia 699 Magical
14%
Carboniferous Phlegethontia 695 Totemaster
14%
Carboniferous Pholiderpeton 122 B_Wither
14%
Jurassic Phorcynis 730 Lemon
14%
Silurian Phragmoceras 380 Lemon
14%
Jurassic Phylloceras 981 B_Wither
14%
Cambrian Phytophilaspis 813 Devon
14%
Jurassic Piranhamesodon 594 Italian Paleogirl
14%
Silurian Pisocrinus 423 Rob
14%
Triassic Placerias 498 Emil/B_Wither
14%
Ordovician Platypeltoides 704 Indiyu
14%
Carboniferous Platysomus 123 Totemaster
14%
Jurassic Platysuchus 1131 Erebus
14%
Precambrian Plexus 1274 [Rob/Devon] / [Rob/Devon]
14%
Devonian Pneumodesmus 205 B_Wither
14%
Silurian Poleumita 383 B_Wither
14%
Triassic Poposaurus 501 Italian Paleogirl
14%
Devonian Praearcturus 933 B_Wither/Magical
14%
Triassic Prestosuchus 1082 Lemon/Devon
14%
Permian Proburnetia 312 Lemon/Indiyu
14%
Triassic Procompsognathus 1520 Orb/Jamie
14%
Permian Procynosuchus 313 Emil
14%
Triassic Proganochelys 627 Lemon/B_Wither
14%
Carboniferous Progonoblattina 79 B_Wither
14%
Ordovician Promissum 251 B_Wither
14%
Permian Prosictodon 314 B_Wither
14%
Carboniferous Proterogyrinus 124 Rob
14%
Carboniferous Prothysanostoma 919 Lemon
14%
Silurian Psarolepis 385 Totemaster
14%
Silurian Pseudarthron 1506 Devon
14%
Ordovician Pseudoangustidontus 987 Italian Paleogirl
14%
Silurian Pseudodiscophyllum 911 Lemon
14%
Early Cretaceous Psittacosaurus 1138 Lemon
14%
Early Cretaceous Psittacosaurus sibiricus 1136 Lemon
14%
Devonian Psychopyge 661 Indiyu
14%
Carboniferous Psychroptilus 959 Skop
14%
Devonian Pteraspis 206 Totemaster
14%
Early Cretaceous Ptychodus 1147 B_Wither
14%
Carboniferous Pulmonoscorpius 126 B_Wither
14%
Permian Purlovia 315 Erebus
14%
Pleistocene Purple Striped Jellyfish 11 Totemaster
14%
Silurian Qilinyu 387 B_Wither
14%
Permian Rautiania 316 Auraboros
14%
Carboniferous Remigiomontanus 128 B_Wither
14%
Early Cretaceous Repenomamus 1190 Nitro
14%
Devonian Rhinopteraspis 797 Lemon/Corezy
14%
Jurassic Rhomaleosaurus 719 Totemaster
14%
Permian Rhynchonkos 1124 Totemaster
14%
Devonian Rolfosteus 582 Erebus
14%
Permian Rubidgea 318 Rob/Indiyu
14%
Triassic Rutiodon 1364 Lemon
14%
Jurassic Saltriovenator 613 Italian Paleogirl
14%
Permian Sarcoprion 988 Lemon/Jamie
14%
Early Cretaceous Sarcosuchus 1371 Lemon/Magical
14%
Permian Sauroctonus 319 Rob
14%
Late Cretaceous Scaphites 1399 Indiyu
14%
Devonian Scaumenacia 207 B_Wither
14%
Jurassic Scelidosaurus 1360 Italian Paleogirl/Eru
14%
Devonian Schinderhannes 208 B_Wither
14%
Jurassic Scorpionfly 1417 Nitro
14%
Silurian Scyphocrinus 425 Rob
14%
Jurassic Sericipterus 1099 Lemon/Indiyu
14%
Jurassic Shunosaurus 861 Totemaster
14%
Cambrian Siberion 62 B_Wither
14%
Jurassic Siderops 780 B_Wither
14%
Carboniferous Sinodunbaria 131 B_Wither
14%
Silurian Slimonia 675 Magical
14%
Cambrian Sokkaejaecystis 814 B_Wither
14%
Jurassic Sordes 1100 Lemon/Indiyu
14%
Triassic Sphenotitan 515 B_Wither
14%
Silurian Sphooceras 547 Lemon
14%
Devonian Spiniplatyceras 209 Indiyu
14%
Jurassic Spinophorosaurus 1104 Dark Gamer
14%
Jurassic Spiroceras 739 B_Wither
14%
Precambrian Spriggina 357 B_Wither
14%
Early Cretaceous Squalicorax 1150 B_Wither
14%
Triassic Stagonolepis 516 Lemon
14%
Triassic Stahleckeria 673 B_Wither/Indiyu
14%
Triassic Stanocephalosaurus 694 B_Wither
14%
Carboniferous Stethacanthus 620 Lemon
14%
Carboniferous Stonefly 1411 Nitro
14%
Permian Suminia 321 Totemaster
14%
Cambrian Synophalos 64 B_Wither
14%
Ordovician Syringocrinus 698 Lemon
14%
Early Cretaceous Tambatitanis 1439 B_Wither
14%
Triassic Tanystropheus 517 B_Wither
14%
Permian Tapinocephalus 322 Totemaster
14%
Devonian Tartuosteus 211 Italian Paleogirl
14%
Devonian Tegeolepis 555 Lemon
14%
Jurassic Temnodontosaurus 731 Lemon/Indiyu
14%
Early Cretaceous Tenontosaurus 1301 Italian Paleogirl
14%
Ordovician Tentaculita 527 Rob
14%
Devonian Terataspis 212 B_Wither
14%
Permian Tetraceratops 323 Orb
14%
Triassic Thalassiodracon 750 Lemon
14%
Jurassic Thalattosuchus 984 Indiyu
14%
Silurian Thanahita 662 B_Wither
14%
Cambrian Thaumactena 907 Lemon
14%
Triassic Thecodontosaurus 519 Italian Paleogirl
14%
Silurian Thelodus 388 B_Wither
14%
Cambrian Thulaspis 945 Orb/Magical
14%
Permian Tiarajudens 324 Totemaster
14%
Cambrian Titanokorys 947 Orb/Magical
14%
Carboniferous Titusvillia 1000 B_Wither
14%
Jurassic Trachymetopon 774 B_Wither
14%
Triassic Triadobatrachus 1102 B_Wither
14%
Precambrian Tribrachidium 361 Devon
14%
Silurian Trimerus 389 Orb
14%
Carboniferous Triops 842 Magical
14%
Ordovician Triopus 1107 Devon
14%
Carboniferous Tristychius 1095 B_Wither
14%
Jurassic Turboscinetes 595 Italian Paleogirl
14%
Early Cretaceous Tyrannomimus 1443 B_Wither
14%
Carboniferous Tyrannophontes 139 B_Wither
14%
Ordovician Urasterella 1070 Lemon
14%
Cambrian Ursactis 810 Italian Paleogirl
14%
Early Cretaceous Utahraptor 1284 Italian Paleogirl
14%
Triassic Utatsusaurus 717 B_Wither
14%
Jurassic Uteodon 883 Italian Paleogirl
14%
Jurassic Vadasaurus 799 B_Wither
14%
Cambrian Vetulicola 67 Erebus
14%
Triassic Vostocovacrinus 433 Rob
14%
Jurassic Vulcanodon 1363 B_Wither/Indiyu
14%
Devonian Walliserops 215 B_Wither
14%
Cambrian Waptia 936 B_Wither
14%
Silurian Warneticaris 591 B_Wither/Magical
14%
Devonian Websteroprion 216 B_Wither
14%
Permian Weigeltisaurus 329 Auraboros
14%
Permian Wodnika 986 B_Wither
14%
Carboniferous Xenacanthus 143 B_Wither
14%
Triassic Xinpusaurus 522 Erebus
14%
Jurassic Xuanhuaceratops 626 Lemon
14%
Jurassic Yinlong 618 Lemon
14%
Precambrian Yorgia 364 B_Wither
14%
Triassic Yunguisaurus 523 Lemon
14%
Devonian Zenaspis 657 Italian Paleogirl
14%
Devonian Acanthocrinus 1558 Rob
0%
Permian Acanthostomatops 256 B_Wither
0%
Carboniferous Acherontiscus 1062 B_Wither
0%
Late Cretaceous Acrognathus 1462 Lemon
0%
Early Cretaceous Actinoceramus 1502 Lemon/Indiyu
0%
Jurassic Adamanteryon 726 Lemon
0%
Carboniferous Aetheretmon 1060 Lemon
0%
Permian Akasakiella 993 Indiyu
0%
Cambrian Alacaris 18 B_Wither
0%
Carboniferous Allenypterus 75 Italian Paleogirl
0%
Late Cretaceous Amakusaichthys 1454 B_Wither
0%
Carboniferous Amblysiphonella 1031 Rob
0%
Jurassic Anaethalion 669 Italian Paleogirl
0%
Devonian Ancyrocrinus 391 Rob
0%
Precambrian Andiva 1264 Devon
0%
Precambrian Anfesta 1242 Devon
0%
Ordovician Angelina 703 Indiyu
0%
Silurian Anglaspis 1304 Lemon
0%
Late Cretaceous Anguillavus 1464 Lemon
0%
Early Cretaceous Ankylosphenodon 1168 JW
0%
Late Cretaceous Anomalochelys 1455 B_Wither
0%
Jurassic Anoualerpeton 1328 B_Wither
0%
Carboniferous Anthracoceras 1110 Indiyu
0%
Carboniferous Anthracomartus 87 B_Wither
0%
Carboniferous Anthracomedusa 78 B_Wither
0%
Carboniferous Anthracosaurus 1066 B_Wither
0%
Cambrian Apankura 1300 B_Wither
0%
Jurassic Apiocrinites 824 Rob
0%
Jurassic Apochrysogramma 762 B_Wither
0%
Early Cretaceous Aquilops 1134 Jamie
0%
Ordovician Arandaspis 228 Totemaster
0%
Early Cretaceous Araripelepidotes 1354 B_Wither
0%
Early Cretaceous Araripemys 1523 Devon
0%
Triassic Arcestes 1111 Indiyu
0%
Jurassic Archaboilus 770 B_Wither/Lemon
0%
Early Cretaceous Archaeoceratops 1327 Lemon
0%
Ordovician Archaeoconularia 900 Lemon
0%
Devonian Archaeocydippida 916 Lemon
0%
Jurassic Archaeoniscus 1214 B_Wither
0%
Permian Archeria 1038 Orb/Lemon
0%
Jurassic Archocyrtus 822 B_Wither
0%
Silurian Arctinurus 550 Indiyu
0%
Ordovician Aristocystites 392 Rob
0%
Precambrian Arkarua 331 Rob
0%
Early Cretaceous Armigatus 1460 Lemon
0%
Early Cretaceous Arratiaelops 1209 B_Wither
0%
Permian Ascendonanus 259 Erebus
0%
Jurassic Aspidorhynchus 573 Erebus
0%
Silurian Ateleaspis 367 B_Wither
0%
Devonian Attercopus 152 B_Wither
0%
Permian Aulacephalodon 260 Lemon
0%
Precambrian Auroralumina 1246 Devon
0%
Precambrian Ausia 332 Rob
0%
Early Cretaceous Ausktribosphenos 1201 Totemaster
0%
Triassic Austrolimulus 442 B_Wither
0%
Early Cretaceous Austropotamobius 1357 B_Wither
0%
Jurassic Balanocrinus 827 Rob
0%
Cambrian Balhuticaris 546 B_Wither
0%
Early Cretaceous Bannykus 1179 Nitro
0%
Permian Barbclabornia 261 B_Wither
0%
Devonian Basiloceras 153 B_Wither
0%
Jurassic Bathrotomaria 1386 Indiyu
0%
Cambrian Batofasciculus 22 B_Wither
0%
Triassic Beishanichthys 444 B_Wither
0%
Carboniferous Belantsea 83 Totemaster
0%
Jurassic Bellinympha 757 B_Wither
0%
Precambrian Beltanelliformis 1243 Troodontid
0%
Early Cretaceous Berthasaura 1170 Italian Paleogirl
0%
Silurian Bertratis 912 Lemon
0%
Permian Bethesdaichthys 958 Lemon
0%
Jurassic Bishanopliosaurus 684 Totemaster
0%
Ordovician Blastoids 394 Rob
0%
Permian Blourugia 262 Italian Paleogirl
0%
Triassic Bobosaurus 823 Italian Paleogirl
0%
Silurian Bohemoharpes 542 Indiyu
0%
Silurian Boiotremus 1385 Indiyu
0%
Ordovician Bolboporites 395 Rob
0%
Devonian Boliviacrinus 1553 Rob
0%
Precambrian Bomakellia 333 Rob/Devon
0%
Silurian Boothiaspis 369 Lemon
0%
Triassic Boreopricea 1543 Lemon/Eru
0%
Permian Bowengriphus 976 Lemon
0%
Permian Brachydectes 1544 B_Wither
0%
Precambrian Bradgatia 334 Devon
0%
Early Cretaceous Brannerion 1188 Totemaster
0%
Permian Brazilichthys 955 Lemon
0%
Triassic Brembodus 447 B_Wither
0%
Early Cretaceous Brodiechelys 1350 Devon
0%
Devonian Bundenbachiellus 560 B_Wither
0%
Precambrian Burykhia 335 Devon
0%
Cambrian Bushizheia 23 Italian Paleogirl
0%
Carboniferous Caerorhachis 1090 B_Wither
0%
Early Cretaceous Calamopleurus 1053 B_Wither
0%
Permian Calceolispongia 1561 Devon
0%
Triassic Callawayia 1294 Italian Paleogirl
0%
Silurian Callicrinus 396 Rob
0%
Ordovician Calvapilosa 231 B_Wither
0%
Precambrian Calyptrina 1248 Devon
0%
Cambrian Cambrian Naraoia 1073 Devon
0%
Devonian Camuropiscis 606 Lemon
0%
Jurassic Cancrinos 685 B_Wither
0%
Early Cretaceous Candidodon 1329 Lemon
0%
Silurian Carduispongia 1126 Devon
0%
Carboniferous Caridosuctor 1024 Lemon
0%
Early Cretaceous Caririsuchus 1197 Lemon
0%
Triassic Carnufex 1309 JW
0%
Triassic Cartorhynchus 449 Rob
0%
Ordovician Caryocrinites 397 Rob
0%
Jurassic Cascocauda 894 B_Wither
0%
Jurassic Castorocauda 738 Totemaster
0%
Triassic Cenoceras 741 B_Wither
0%
Devonian Cephalaspis 158 B_Wither
0%
Precambrian Cephalonega 1265 Devon/Indiyu
0%
Ordovician Ceratiocaris 569 B_Wither
0%
Carboniferous Cervifurca 844 Italian Paleogirl
0%
Early Cretaceous Chalawan 1505 B_Wither
0%
Cambrian Chancelloria 1527 Devon
0%
Early Cretaceous Chanopsis 1335 B_Wither
0%
Jurassic Chaoyangsaurus 624 Lemon
0%
Ordovician Chasmataspis 713 B_Wither
0%
Cambrian Chippewaella 995 Indiyu
0%
Cambrian Choiid Sponge 1227 Devon
0%
Early Cretaceous Chuhsiungichthys 1425 B_Wither
0%
Triassic Cidaroida 532 B_Wither
0%
Silurian Ciurcopterus 659 Italian Paleogirl
0%
Early Cretaceous Cladocyclus 1140 B_Wither
0%
Devonian Cladoselache 160 B_Wither
0%
Jurassic Clarkeiteuthis 748 B_Wither
0%
Permian Clarkina 834 B_Wither
0%
Triassic Clatrotitan 455 B_Wither
0%
Permian Claudiosaurus 267 B_Wither
0%
Devonian Climatius 552 Lemon
0%
Precambrian Cloudina 338 Rob
0%
Devonian Clydagnathus 161 B_Wither
0%
Carboniferous Cobelodus 268 Italian Paleogirl
0%
Jurassic Coccoderma 735 Totemaster
0%
Devonian Coccosteus 162 Totemaster
0%
Early Cretaceous Coeloptychium 1514 Devon
0%
Jurassic Coeruleodraco 1097 Erebus
0%
Cambrian Coleicarpus 398 Rob
0%
Devonian Cometicercus 540 Erebus
0%
Carboniferous Commentrya 1123 B_Wither
0%
Devonian Concavicaris 589 Lemon
0%
Carboniferous Conchopoma 956 Lemon
0%
Early Cretaceous Confuciusornis 1497 Wither/Nitro
0%
Jurassic Congophiopsis 724 Italian Paleogirl/Lemon
0%
Jurassic Congopycnodus 788 Italian Paleogirl
0%
Precambrian Conomedusites 849 Devon
0%
Cambrian Conulariids 899 Lemon
0%
Permian Cooperoceras 271 Squidy Specs
0%
Early Cretaceous Cooyoo 1178 Totemaster
0%
Cambrian Cordaticaris 648 Italian Paleogirl
0%
Ordovician Cornulitida 528 Rob
0%
Precambrian Coronacollina 339 Devon
0%
Jurassic Coroniceras 218 Totemaster
0%
Precambrian Corumbella 340 Rob
0%
Late Cretaceous Corusichthys 1485 Lemon
0%
Cambrian Cotyledion 970 Lemon
0%
Devonian Cowielepis 691 Italian Paleogirl
0%
Devonian Cowralepis 581 Erebus
0%
Early Cretaceous Cratoamia 1049 Totemaster
0%
Early Cretaceous Cratopipa 1324 B_Wither
0%
Early Cretaceous Cretaceous Belonostomus 645 Italian Paleogirl
0%
Late Cretaceous Cretapantodon 1486 Lemon
0%
Jurassic Cretapsychops 754 B_Wither
0%
Early Cretaceous Cretosaja 1445 B_Wither
0%
Early Cretaceous Cretoxyrhina 1149 Lemon/Devon
0%
Jurassic Cricosaurus 1021 Indiyu
0%
Permian Criocephalosaurus 846 Italian Paleogirl
0%
Silurian Crotalocrinites 1560 Rob
0%
Cambrian Crumillospongia 1127 Devon
0%
Silurian Crussolum 1402 B_Wither/Magical
0%
Jurassic Cryptoclidus 1361 Lemon
0%
Devonian Ctenurella 601 Lemon
0%
Devonian Cupressocrinites 400 Rob
0%
Triassic Cyamodus 458 B_Wither
0%
Precambrian Cyanorus 1266 [Orb/Devon] / [Orb/Devon]
0%
Late Cretaceous Cyclobatis 1491 Lemon
0%
Permian Cyclolobus 274 Totemaster
0%
Ordovician Cyclonema 234 B_Wither
0%
Ordovician Cyrtoceras 235 Bruhh/B_Wither
0%
Carboniferous Daidal 1122 B_Wither
0%
Devonian Daihuoides 917 Lemon
0%
Jurassic Daohugoucossus 764 B_Wither
0%
Early Cretaceous Dastilbe 1154 Totemaster
0%
Permian Dasyceps 275 Italian Paleogirl
0%
Jurassic Dearc 1028 Lemon/Indiyu
0%
Carboniferous Debeerius 985 Lemon
0%
Jurassic Decacuminaster 677 B_Wither
0%
Carboniferous Deltoptychius 90 Lemon
0%
Ordovician Dendrocystites 700 Lemon
0%
Early Cretaceous Dentilepisosteus 1518 B_Wither
0%
Devonian Devonobius 1406 B_Wither
0%
Cambrian Diania 28 B_Wither
0%
Triassic Dicerocardium 403 Nitro
0%
Cambrian Dictyonema 404 Rob
0%
Early Cretaceous Dimitobelus 1173 Indiyu
0%
Cambrian Dinomischus 405 Rob
0%
Carboniferous Diplodoselache 1017 B_Wither
0%
Triassic Dipteronotus 989 Italian Paleogirl
0%
Carboniferous Discoserra 1224 Lemon
0%
Early Cretaceous Dissimilites 1375 Indiyu
0%
Carboniferous Dizygocrinus 406 Rob
0%
Jurassic Dollocaris 220 B_Wither
0%
Devonian Doryaspis 163 Erebus/Italian
0%
Jurassic Dorygnathus 887 B_Wither
0%
Devonian Draconichthys 603 Lemon
0%
Jurassic Dracopelta 997 Skop
0%
Jurassic Dracoraptor 1081 Italian Paleogirl
0%
Devonian Drepanaspis 164 B_Wither
0%
Late Cretaceous Ducrotayichthys 1472 Lemon
0%
Early Cretaceous Dugaldia 1141 B_Wither
0%
Silurian Dunyu 538 Lemon
0%
Carboniferous Echinochimaera 720 Lemon
0%
Cambrian Echmatocrinus 408 Rob
0%
Early Cretaceous Edentosuchus 1166 Lemon
0%
Early Cretaceous Egertonodus 1210 B_Wither
0%
Jurassic Eichstaettisaurus 1340 Nitro
0%
Carboniferous Eldeceeon 1091 B_Wither
0%
Permian Elephantoceras 665 Indiyu
0%
Permian Elginia 285 Lemon
0%
Ordovician Enoploura 240 B_Wither
0%
Precambrian Eoandromeda 342 B_Wither
0%
Jurassic Eocaecilia 1098 Erebus
0%
Jurassic Eocarcinus 745 Magical
0%
Triassic Eochondrosteus 952 Lemon
0%
Early Cretaceous Eoconfuciusornis 1519 Jamie
0%
Precambrian Eocyathispongia 1237 Devon
0%
Carboniferous Eoherpeton 1088 B_Wither
0%
Carboniferous Eophrynus 95 B_Wither
0%
Precambrian Eoporpita 1262 Devon
0%
Triassic Eosaurichthys 467 B_Wither
0%
Carboniferous Eoscorpius 1409 B_Wither
0%
Carboniferous Erasipteroides 961 Magical
0%
Triassic Eretmorhipis 468 Erebus
0%
Devonian Ericixerxes 168 B_Wither
0%
Precambrian Ernietta 1256 Devon
0%
Jurassic Eryma 948 B_Wither
0%
Jurassic Eryon 221 B_Wither
0%
Triassic Erythrosuchus 469 Totemaster
0%
Carboniferous Escumasia 410 Rob
0%
Carboniferous Essexella 901 Lemon
0%
Late Cretaceous Eubiodectes 1492 Lemon
0%
Silurian Eucalyptocrinites 411 Rob
0%
Carboniferous Eucritta 1086 B_Wither
0%
Devonian Eugaleaspis 539 Lemon
0%
Jurassic Eugeniacrinites 829 Rob
0%
Permian Eunotosaurus 674 Italian Paleogirl
0%
Early Cretaceous Euroka 1333 B_Wither
0%
Early Cretaceous Europejara 1302 Jamie
0%
Silurian Eurypterus 373 B_Wither
0%
Late Cretaceous Eusebichthys 1480 Lemon
0%
Triassic Euspira 710 Indiyu
0%
Late Cretaceous Exocoetoides 1489 Lemon
0%
Early Cretaceous Ezkutuberezi 1206 B_Wither
0%
Cambrian Facivermis 32 B_Wither
0%
Devonian Fallacosteus 607 Lemon
0%
Precambrian Fedomia 1245 Devon
0%
Ordovician Fenestella 412 Rob
0%
Triassic Feroxichthys 472 Lemon
0%
Precambrian Finkoella 1253 Devon
0%
Late Cretaceous Flagellipinna 1483 Lemon
0%
Early Cretaceous Foreyclupea 1504 Lemon
0%
Triassic Foreyia 473 B_Wither
0%
Jurassic Fortiholcorpa 1418 Nitro/Magical
0%
Precambrian Fractofusus 1244 Devon
0%
Precambrian Frondophyllas 1258 Devon/[Rob/Devon]
0%
Early Cretaceous Fukuipteryx 1435 B_Wither
0%
Early Cretaceous Fulmenocursor 1405 JW
0%
Precambrian Funisia 343 Rob
0%
Ordovician Furca 615 B_Wither
0%
Devonian Furcacauda 170 B_Wither
0%
Silurian Furcaster 374 Auraboros
0%
Early Cretaceous Galleonosaurus 1316 Eru
0%
Cambrian Gangtoucunia 971 Lemon
0%
Triassic Gansuselache 1012 B_Wither
0%
Devonian Gantarostrataspis 172 Orb/Lemon
0%
Late Cretaceous Gebrayelichthys 1488 Lemon
0%
Early Cretaceous Gegepterus 1310 Lemon
0%
Cambrian Gemmactena 33 B_Wither
0%
Early Cretaceous Genibatrachus 1540 B_Wither
0%
Devonian Gennaeocrinus 1554 Rob
0%
Triassic Gerrothorax 474 B_Wither
0%
Late Cretaceous Gigantocapulus 753 Indiyu
0%
Carboniferous Gigantoproductus 567 Nitro
0%
Permian Gigantospongea 413 Rob
0%
Precambrian Gigarimaneta 1259 Devon
0%
Triassic Gigatitan 475 B_Wither
0%
Precambrian Girvanella 1230 Devon
0%
Carboniferous Gnathorhiza 100 Totemaster
0%
Cambrian Gogia 414 Rob
0%
Devonian Gogonasus 604 Lemon
0%
Ordovician Gonioceras 241 B_Wither
0%
Jurassic Goniopholis 1352 Tote
0%
Carboniferous Goodrichthys 1011 Lemon
0%
Devonian Gooloogongia 609 Lemon
0%
Carboniferous Gordoniconus 135 B_Wither
0%
Jurassic Grammolingia 755 B_Wither
0%
Carboniferous Greererpeton 650 Erebus/B_Wither
0%
Precambrian Grypania 344 Devon
0%
Early Cretaceous Gueragama 1193 B_Wither
0%
Devonian Gymnotrachelus 597 Lemon
0%
Jurassic Gyrodus 643 Totemaster
0%
Jurassic Gyrosteus 639 Lemon/JW
0%
Cambrian Hadranax 940 Orb/Lemon
0%
Carboniferous Hagenoselache 1016 B_Wither
0%
Late Cretaceous Haimirichia 1494 Lemon
0%
Late Cretaceous Hakelia 1495 Lemon
0%
Early Cretaceous Hakusanobaatar 1432 JW
0%
Cambrian Halichondrites 1511 Devon
0%
Early Cretaceous Haliskia 1217 Jamie
0%
Carboniferous Hamiltonichthys 1298 B_Wither
0%
Precambrian Haootia 345 Devon
0%
Devonian Hapalocrinus 1555 Rob
0%
Cambrian Haplophrentis 794 B_Wither
0%
Precambrian Hapsidophyllas 346 Rob/Devon
0%
Jurassic Harpactognathus 1030 Lemon/Indiyu
0%
Jurassic Harpagodes 688 Indiyu
0%
Carboniferous Harpagofututor 983 Erebus/Lemon
0%
Late Cretaceous Harranahynchus 1358 Lemon
0%
Late Cretaceous Hayenchelys 1461 Lemon
0%
Late Cretaceous Hayolperichthys 1468 Lemon
0%
Early Cretaceous Heckelichthys 1334 B_Wither
0%
Carboniferous Helenodora 697 B_Wither
0%
Cambrian Helicocystis 415 Rob
0%
Precambrian Helicolocellus 1251 Devon
0%
Early Cretaceous Hemiaster 1176 Devon
0%
Jurassic Hemicrinus 1513 Devon
0%
Devonian Hemicyclaspis 179 B_Wither
0%
Triassic Henodus 476 Lemon
0%
Late Cretaceous Hensodon 1479 Lemon
0%
Cambrian Herpetogaster 37 B_Wither
0%
Carboniferous Heteropetalus 969 Lemon
0%
Jurassic Heterostrophus 990 Italian Paleogirl
0%
Late Cretaceous Heterothrissa 1481 Lemon
0%
Late Cretaceous Hexanchus 1128 Lemon
0%
Carboniferous Hindeodus 833 B_Wither
0%
Early Cretaceous Hispanamia 1046 B_Wither
0%
Jurassic Homoeosaurus 740 B_Wither
0%
Ordovician Hoplitaspis 714 Erebus
0%
Permian Hovasaurus 676 Lemon
0%
Early Cretaceous Hoyasemys 1337 JW
0%
Early Cretaceous Hoyasotes 1204 B_Wither
0%
Jurassic Hualianceratops 625 Lemon
0%
Carboniferous Huanghelepis 1548 B_Wither/Lemon (WTF27pl Request)
0%
Silurian Hughmilleria 931 Magical
0%
Jurassic Huiyingogramma 760 B_Wither
0%
Triassic Hupehsuchus 725 Erebus
0%
Cambrian Hurdia 682 Lemon
0%
Jurassic Hydrocraspedota 925 Lemon
0%
Triassic Hydropessum 979 Lemon
0%
Precambrian Hylaecullulus 1260 Devon
0%
Carboniferous Hylonomus 104 B_Wither
0%
Early Cretaceous Hyogobatrachus 1433 B_Wither
0%
Triassic Hyperodapedon 477 Lemon
0%
Early Cretaceous Hyphalosaurus 1177 Devon
0%
Late Cretaceous Hyphantoceras 1396 Indiyu
0%
Early Cretaceous Hypnovenator 1442 B_Wither
0%
Early Cretaceous Hypophylloceras 1175 Indiyu
0%
Early Cretaceous Hypsilophodon 1169 Italian Paleogirl
0%
Precambrian Ichnusa 1263 Devon
0%
Early Cretaceous Ichthyemidion 1163 Lemon
0%
Late Cretaceous Ichthyoceros 1487 Lemon/Python
0%
Late Cretaceous Ichthyosarcolites 1529 Indiyu
0%
Early Cretaceous Ichthyotringa 1162 Lemon
0%
Carboniferous Idmonarachne 1019 B_Wither/Magical
0%
Early Cretaceous Iemanja 1161 Lemon
0%
Precambrian Ikaria 1270 Devon
0%
Early Cretaceous Ikechaoamia 1047 B_Wither
0%
Early Cretaceous Ikechosaurus 1191 JW
0%
Carboniferous Illinichthys 1120 Lemon
0%
Precambrian Inaria 347 Rob
0%
Early Cretaceous Incisivosaurus 1344 Skop/Nitro
0%
Carboniferous Iniopteryx 105 Totemaster
0%
Jurassic Inoceramus 223 Lemon
0%
Silurian Inversoceras 1395 Indiyu
0%
Jurassic Isanichthys 779 B_Wither
0%
Jurassic Ischyodus 792 Lemon
0%
Cambrian Isoxys 937 B_Wither
0%
Triassic Italophlebia 479 B_Wither
0%
Early Cretaceous Ithigramma 805 B_Wither
0%
Devonian Ivoites 564 B_Wither
0%
Early Cretaceous Iyuku 1215 Jamie/[Jamie/Eru]
0%
Devonian Jaekelopterus 186 B_Wither
0%
Silurian Jamoytius 646 Totemaster
0%
Carboniferous Janassa 106 B_Wither
0%
Jurassic Jeholopterus 885 Lemon/JW
0%
Jurassic Jeholotriton 818 Lemon
0%
Silurian Jeppssonoceras 1392 Indiyu
0%
Cambrian Jianshanopodia 38 B_Wither
0%
Early Cretaceous Jinjuichthys 1426 B_Wither
0%
Late Cretaceous Joinvillichthys 1473 Lemon
0%
Devonian Juliform Millipede 1407 Nitro/Magical
0%
Jurassic Juracimbrophlebia 1416 Nitro
0%
Jurassic Jurassic Belonostomus 644 Italian Paleogirl
0%
Early Cretaceous Kaganaias 1448 JW
0%
Carboniferous Kalops 1119 Lemon
0%
Late Cretaceous Kamuysaurus 1453 B_Wither
0%
Triassic Kannemeyeria 1083 Lemon/Corezy
0%
Precambrian Karakhtia 1267 Devon/Indiyu
0%
Early Cretaceous Karenina 1421 JW
0%
Jurassic Kayentatherium 781 Totemaster
0%
Precambrian Keretsa 1273 Devon
0%
Cambrian Kerygmachela 39 B_Wither
0%
Early Cretaceous Khoratamia 1052 Totemaster
0%
Permian Kichkassia 954 Lemon
0%
Precambrian Kimberella 348 Squidy Specs
0%
Silurian Kirkospira 1382 Indiyu
0%
Cambrian Kodymirus 40 B_Wither
0%
Silurian Kokomopterus 375 B_Wither
0%
Early Cretaceous Kokuraichthys 1427 B_Wither
0%
Early Cretaceous Koonwarria 1152 Totemaster
0%
Early Cretaceous Krika 1419 JW
0%
Precambrian Kuibisia 1252 Devon
0%
Devonian Kujdanowiaspis 598 Lemon
0%
Late Cretaceous Kujiberotha 1458 B_Wither
0%
Early Cretaceous Kunbarrasaurus 1312 Nitro
0%
Early Cretaceous Kururubatrachus 1546 B_Wither/Python
0%
Early Cretaceous Kuwajimalla 1436 B_Wither
0%
Permian Labidosaurus 296 B_Wither
0%
Jurassic Laccosmylus 758 B_Wither
0%
Triassic Lagosuchus 1027 Lemon/Indiyu
0%
Triassic Laidleria 812 Italian Paleogirl
0%
Devonian Lanceaspis 188 Orb/Indiyu
0%
Precambrian Lantianella 1234 Devon
0%
Early Cretaceous Lanxangichthys 1203 B_Wither
0%
Silurian Lasanius 537 Italian Paleogirl
0%
Carboniferous Latzelia 1401 B_Wither
0%
Early Cretaceous Leaellynasaura 1346 Italian Paleogirl/Jamie
0%
Cambrian Lepidocystis 417 Rob
0%
Early Cretaceous Lepidohyas 1205 B_Wither
0%
Jurassic Lepidotes 588 Totemaster
0%
Early Cretaceous Leptocleidus 1165 Lemon/Eru
0%
Early Cretaceous Leptostyrax 1537 B_Wither
0%
Jurassic Lesothosaurus 1085 Italian Paleogirl
0%
Ordovician Lesueurilla 1383 Indiyu
0%
Carboniferous Lethiscus 1093 B_Wither
0%
Jurassic Leviathania 687 Indiyu
0%
Early Cretaceous Liaoceratops 1133 Lemon
0%
Early Cretaceous Liaoningogriphus 1355 B_Wither
0%
Jurassic Liaosteus 953 B_Wither
0%
Jurassic Liassopsychops 761 B_Wither
0%
Jurassic Libys 734 B_Wither
0%
Jurassic Lichenipolystoechotes 756 B_Wither
0%
Jurassic Ligulella 790 Italian Paleogirl
0%
Carboniferous Limnoscelis 109 Totemaster
0%
Late Cretaceous Lissoberyx 1482 Lemon
0%
Carboniferous Listracanthus 110 B_Wither
0%
Triassic Lithiotis 418 Rob
0%
Precambrian Lobodiscus 1241 Devon
0%
Cambrian Lochmanolenellus 42 Orb
0%
Ordovician Lonchodomas 543 Indiyu
0%
Triassic Luoxiongichthys 486 B_Wither
0%
Early Cretaceous Lycoptera 1307 B_Wither
0%
Cambrian Lyracystis 419 Rob
0%
Cambrian Lyrarapax 43 B_Wither
0%
Ordovician Lytospira 1384 Indiyu
0%
Cambrian Mackenzia 1509 Devon
0%
Carboniferous Macrocrinus 772 Rob
0%
Early Cretaceous Macropenaeus 1459 B_Wither
0%
Jurassic Macrosemius 819 B_Wither
0%
Devonian Maghriboselache 1533 B_Wither (WTF27pl Request)
0%
Early Cretaceous Maiaspondylus 1183 Devon
0%
Early Cretaceous Makarkinia 806 B_Wither
0%
Early Cretaceous Malawisaurus 1325 Orb/Eru
0%
Early Cretaceous Malawisuchus 1330 Lemon
0%
Permian Mamulichthys 967 Lemon
0%
Late Cretaceous Maraldichthys 1465 Lemon
0%
Early Cretaceous Mariella 1389 Indiyu
0%
Silurian Marsupiocrinus 1559 Rob
0%
Carboniferous Mazothairos 768 B_Wither/Magical
0%
Triassic Mecistotrachelos 1362 Nitro
0%
Permian Medusina 920 Lemon
0%
Triassic Megachirella 1547 B_Wither
0%
Permian Megactenopetalus 299 Totemaster
0%
Devonian Megalichthys 966 Lemon
0%
Carboniferous Megalocephalus 113 Totemaster
0%
Late Cretaceous Megapterygius 1449 B_Wither
0%
Cambrian Megasiphon 1526 Devon
0%
Early Cretaceous Mei 1345 Italian Paleogirl
0%
Jurassic Meioneurites 763 B_Wither
0%
Permian Menaspis 301 Totemaster
0%
Late Cretaceous Mesiteia 1493 Lemon
0%
Late Cretaceous Mesodermochelys 1457 B_Wither
0%
Early Cretaceous Mesomyzon 1211 B_Wither
0%
Permian Mesosaurus 302 Auraboros
0%
Triassic Mesotitan 490 B_Wither
0%
Jurassic Mesturus 789 Italian Paleogirl
0%
Cambrian Metaspriggina 45 B_Wither
0%
Triassic Metoposaurus 491 B_Wither
0%
Devonian Microbrachius 545 B_Wither
0%
Jurassic Microcleidus 751 Lemon
0%
Cambrian Micromitra 1229 Devon
0%
Silurian Microphymaspis 381 Italian Paleogirl
0%
Early Cretaceous Microvenator 1341 Nitro
0%
Ordovician Mieridduryn 1034 B_Wither
0%
Triassic Misikella 835 B_Wither
0%
Cambrian Mobulavermis 942 Orb
0%
Early Cretaceous Monjurosuchus 1447 B_Wither
0%
Carboniferous Mooreoceras 116 B_Wither
0%
Jurassic Morrolepis 743 B_Wither
0%
Early Cretaceous Mortoniceras 1377 Indiyu
0%
Cambrian Mosineia 1299 Devon
0%
Early Cretaceous Moutoniceras 1184 Indiyu
0%
Jurassic Muensterella 224 B_Wither
0%
Early Cretaceous Murex 686 Indiyu
0%
Jurassic Mussaurus 493 Erebus
0%
Early Cretaceous Muttaburrasaurus 1196 Italian Paleogirl
0%
Early Cretaceous Mythunga 1216 Jamie
0%
Precambrian Namacalathus 349 Rob
0%
Precambrian Namapoikia 350 Rob
0%
Carboniferous Namurotypus 960 Magical
0%
Early Cretaceous Naomichelys 1349 Devon
0%
Devonian Neeyambaspis 559 Lemon
0%
Carboniferous Nematoptychius 1063 B_Wither
0%
Jurassic Nerinea 689 Indiyu
0%
Triassic Nicrosaurus 1130 Lemon
0%
Precambrian Nilpenia 1254 Devon
0%
Carboniferous Ningxiaplatysomus 1057 B_Wither
0%
Early Cretaceous Nipponamia 1428 B_Wither
0%
Late Cretaceous Nipponites 1452 B_Wither
0%
Permian Nipponomaria 304 Indiyu
0%
Early Cretaceous Noripterus 1498 Lemon/Jamie
0%
Early Cretaceous Notelops 1332 Lemon
0%
Triassic Nothosaurus 494 Totemaster
0%
Jurassic Notidanoides 578 B_Wither
0%
Jurassic Notobatrachus 1322 B_Wither/Magical
0%
Early Cretaceous Nuddsia 1420 JW
0%
Carboniferous Obruchevodus 1008 B_Wither
0%
Cambrian Odontogriphus 49 Squidy Specs
0%
Early Cretaceous Onchopristis 1145 B_Wither
0%
Ordovician Onychopterella 712 B_Wither
0%
Carboniferous Onychoselache 1056 B_Wither
0%
Jurassic Ophiopsis 723 B_Wither/JW
0%
Ordovician Orcanopterus 934 Magical
0%
Early Cretaceous Ordosemys 1351 Devon
0%
Early Cretaceous Oregramma 807 B_Wither
0%
Jurassic Oreochima 733 B_Wither
0%
Carboniferous Ornithoprion 534 Lemon
0%
Carboniferous Orodus 119 Italian Paleogirl
0%
Ordovician Orthids 565 Rob
0%
Jurassic Orthocormus 749 Erebus
0%
Ordovician Orthograptus 975 Lemon
0%
Cambrian Orthrozanclus 53 Lemon
0%
Jurassic Ostenocaris 742 B_Wither
0%
Jurassic Ostenoselache 1293 Lemon
0%
Precambrian Ovatoscutum 1268 Devon
0%
Devonian Oxyosteus 612 B_Wither
0%
Early Cretaceous Pachyamia 1051 Totemaster
0%
Late Cretaceous Pachydiscus 145 Totemaster
0%
Devonian Pagea 197 B_Wither
0%
Early Cretaceous Palaeocambarus 1208 B_Wither
0%
Jurassic Palaeocarcharias 775 Lemon
0%
Cambrian Palaeodiphasia 1228 Devon
0%
Early Cretaceous Palaeoechinastacus 1305 B_Wither
0%
Devonian Palaeoisopus 199 B_Wither
0%
Permian Palaeoniscum 530 Italian Paleogirl
0%
Permian Palaeontinoid 305 B_Wither
0%
Precambrian Palaeophragmodictya 1269 Devon
0%
Cambrian Pambdelurion 1033 Orb/B_Wither
0%
Precambrian Pambikalbae 351 Devon
0%
Late Cretaceous Pankowskichthys 1478 Lemon
0%
Permian Pantylus 306 Italian Paleogirl
0%
Carboniferous Papilionichthys 653 Italian Paleogirl
0%
Jurassic Paracestracion 786 Lemon
0%
Early Cretaceous Paraclupea 1160 Nitro
0%
Late Cretaceous Paracoccodus 1484 Lemon
0%
Early Cretaceous Paraleptolepis 1429 B_Wither
0%
Carboniferous Paramblypterus 656 B_Wither
0%
Permian Paranaichthys 307 Italian Paleogirl
0%
Carboniferous Paratarrasius 120 Erebus/B_Wither
0%
Late Cretaceous Parenchodus 1359 Lemon
0%
Devonian Parexus 201 Totemaster
0%
Silurian Parioscorpio 949 B_Wither
0%
Devonian Parmastega 202 Erebus
0%
Jurassic Parnaibaia 778 Totemaster
0%
Silurian Paropsonema 914 Lemon
0%
Precambrian Parviscopa 353 Devon
0%
Jurassic Passaloteuthis 722 B_Wither
0%
Carboniferous Pederpes 121 Rob
0%
Early Cretaceous Pelecanimimus 1368 Orb/Nitro
0%
Devonian Pelurgaspis 203 Lemon
0%
Silurian Pentameroceras 1393 Indiyu
0%
Jurassic Perisphinctes 784 Totemaster
0%
Silurian Pezopallichthys 642 B_Wither
0%
Carboniferous Phanerorhynchus 1026 B_Wither
0%
Devonian Phanerotinus 204 B_Wither
0%
Cambrian Phantaspis 57 Italian Paleogirl
0%
Silurian Pharyngolepis 379 B_Wither
0%
Devonian Phialaspis 636 B_Wither
0%
Silurian Phlebolepis 633 Totemaster
0%
Carboniferous Pholidogaster 1087 B_Wither
0%
Jurassic Phyllocrinus 825 Rob
0%
Devonian Phyllolepis 599 Lemon
0%
Early Cretaceous Pietraroiasuchus 1187 JW/Jamie
0%
Triassic Pinacoceras 1378 Indiyu
0%
Cambrian Pirania 422 Rob
0%
Devonian Pituriaspis 554 Lemon
0%
Precambrian Piyuania 1235 Devon
0%
Triassic Placodus 499 B_Wither
0%
Silurian Platylomaspis 382 Italian Paleogirl
0%
Late Cretaceous Plectocretacicus 1476 Lemon/Nitro
0%
Devonian Plectodiscus 568 B_Wither
0%
Cambrian Plectronoceras 728 B_Wither
0%
Jurassic Pleurosaurus 1283 Erebus
0%
Early Cretaceous Pliodetes 1192 B_Wither
0%
Ordovician Plumulites 1285 B_Wither
0%
Precambrian Podolimirus 1276 Devon
0%
Silurian Polybranchiaspis 630 Italian Paleogirl
0%
Carboniferous Polydesmid Millipede 1408 Nitro/Magical
0%
Carboniferous Polysentor 982 Indiyu
0%
Early Cretaceous Polzia 1306 B_Wither
0%
Cambrian Pomatrum 59 B_Wither
0%
Silurian Poraspis 384 B_Wither
0%
Late Cretaceous Pravitoceras 1398 Indiyu
0%
Ordovician Pricyclopyge 709 Indiyu
0%
Precambrian Primocandelabrum 355 Devon
0%
Late Cretaceous Prionolepis 1463 Lemon
0%
Devonian Priscomyzon 1036 B_Wither
0%
Carboniferous Promexyele 654 Italian Paleogirl
0%
Jurassic Propterus 732 Lemon
0%
Jurassic Prosalirus 1323 B_Wither
0%
Jurassic Proscinetes 1297 Italian Paleogirl/Eru
0%
Precambrian Protechiurus 1278 Devon
0%
Jurassic Proteroctopus 680 B_Wither
0%
Early Cretaceous Protoischnurus 1403 JW
0%
Early Cretaceous Protopsephurus 1159 Lemon
0%
Jurassic Protospinax 777 Lemon
0%
Carboniferous Protozygoptera 125 B_Wither
0%
Silurian Pseudocrinites 424 Rob
0%
Early Cretaceous Pseudomonocentris 1289 B_Wither
0%
Ordovician Pseudonaraoia 1072 Devon
0%
Jurassic Pseudorhina 729 Lemon
0%
Early Cretaceous Psilichthys 1146 B_Wither
0%
Precambrian Pteridinium 356 Devon/[Rob/Devon]
0%
Early Cretaceous Pterodaustro 1311 Lemon
0%
Early Cretaceous Ptychoceras 1390 Indiyu
0%
Early Cretaceous Ptyktoptychion 1538 B_Wither
0%
Jurassic Pycnophlebia 769 B_Wither/Lemon
0%
Permian Pygopterus 526 B_Wither
0%
Precambrian Qianchuania 1236 Rob
0%
Triassic Qianosuchus 1075 Lemon
0%
Precambrian Quaestio 1272 Devon
0%
Jurassic Quasimodichthys 668 Lemon
0%
Carboniferous Rainerichthys 655 Lemon
0%
Precambrian Rangea 1255 Devon
0%
Carboniferous Rayonnoceras 127 B_Wither
0%
Triassic Rebellatrix 504 B_Wither
0%
Triassic Rechnisaurus 1366 Italian Paleogirl
0%
Jurassic Redfieldius 608 Lemon
0%
Early Cretaceous Requienia 1516 Indiyu
0%
Cambrian Retifacies 61 Orb
0%
Triassic Revueltosaurus 1321 Lemon
0%
Carboniferous Rhabdoderma 1025 B_Wither
0%
Early Cretaceous Rhacolepis 1153 Totemaster
0%
Devonian Rhadinacanthus 585 Italian Paleogirl
0%
Jurassic Rhadinosteus 1103 B_Wither
0%
Devonian Rhamphodopsis 592 Erebus
0%
Late Cretaceous Rhamphoichthys 1477 Lemon
0%
Devonian Rhenocrinus 1557 Rob
0%
Devonian Rhenocystis 701 Lemon
0%
Early Cretaceous Rhinobatos 1313 Lemon
0%
Late Cretaceous Rhinopycnodus 1474 Lemon
0%
Jurassic Rhizostomites 926 Lemon
0%
Late Cretaceous Rhynchodercetis 1471 Lemon
0%
Carboniferous Rolfeia 1061 B_Wither
0%
Carboniferous Romerodus 1005 Lemon
0%
Late Cretaceous Rostropycnodus 1470 Lemon
0%
Silurian Rotaciurca 913 Lemon
0%
Early Cretaceous Roveacrinus 1515 Devon
0%
Precambrian Rugoconites 1239 Devon
0%
Silurian Rutgersella 693 Lemon
0%
Jurassic Saccocoma 678 B_Wither
0%
Carboniferous Saivodus 130 B_Wither
0%
Cambrian Sanctacaris 649 B_Wither
0%
Early Cretaceous Santanmantis 1400 B_Wither
0%
Early Cretaceous Sapeornis 1499 Nitro
0%
Cambrian Saperion 944 Lemon
0%
Triassic Sargodon 978 Lemon
0%
Early Cretaceous Sasayamagnomus 1423 Jamie/B_Wither
0%
Early Cretaceous Sasayamamylos 1431 JW
0%
Triassic Saurichthys 505 B_Wither
0%
Early Cretaceous Sauroposeidon 1353 Orb/Indiyu
0%
Jurassic Saurostomus 817 Italian Paleogirl/JW
0%
Early Cretaceous Scapanorhynchus 1539 B_Wither
0%
Jurassic Scheenstia 727 Lemon/Indiyu
0%
Devonian Schugurocaris 605 Lemon
0%
Carboniferous Sclerocephalus 1067 B_Wither
0%
Triassic Sclerocormus 507 Italian Paleogirl
0%
Silurian Sclerodus 638 Italian Paleogirl
0%
Triassic Scleromochlus 508 Dark Gamer
0%
Carboniferous Screbinodus 1068 B_Wither
0%
Jurassic Segisaurus 1113 Orb/Lemon
0%
Jurassic Seirocrinus 828 Rob
0%
Jurassic Semaeostomites 924 Lemon
0%
Devonian Senariocrinus 1556 Rob
0%
Carboniferous Senekichthys 968 Lemon
0%
Cambrian Shaihuludia 795 Lemon
0%
Cambrian Shankouclava 972 Lemon
0%
Early Cretaceous Shantungosuchus 1213 Lemon
0%
Permian Shikamaia 999 B_Wither
0%
Early Cretaceous Shirerpeton 1434 B_Wither
0%
Early Cretaceous Shokawa 1424 Devon/B_Wither
0%
Triassic Shringasaurus 511 Erebus
0%
Early Cretaceous Siamamia 1336 B_Wither
0%
Carboniferous Sibyrhynchus 652 Italian Paleogirl
0%
Cambrian Sidneyia 63 Italian Paleogirl
0%
Late Cretaceous Sigmapycnodus 1475 Lemon
0%
Silurian Silurian Naraoia 1074 Devon
0%
Silurian Silurolepis 587 Lemon
0%
Carboniferous Silvanerpeton 1092 B_Wither
0%
Early Cretaceous Sinamia 1050 Totemaster
0%
Early Cretaceous Sinemys 1444 B_Wither
0%
Jurassic Sinomacrops 893 Lemon/Nitro
0%
Silurian Siphonocrinus 426 Rob
0%
Cambrian Siphusauctum 427 Rob
0%
Devonian Soliclymenia 1380 Indiyu
0%
Jurassic Solnhofenamia 1044 B_Wither
0%
Precambrian Somatohelix 1280 Devon
0%
Jurassic Songaichthys 816 Italian Paleogirl
0%
Ordovician Soomaspis 1106 Devon
0%
Early Cretaceous Sophogramma 808 B_Wither
0%
Carboniferous Spathicephalus 132 Totemaster
0%
Jurassic Spathobatis 787 B_Wither/Lemon
0%
Early Cretaceous Spectrovenator 1369 Jamie
0%
Cambrian Sphenoecium 771 Rob
0%
Ordovician Spiriferids 566 Rob
0%
Jurassic Squaloraja 640 Erebus
0%
Carboniferous Squatinactis 525 B_Wither
0%
Carboniferous Srianta 1006 Lemon
0%
Early Cretaceous Stenamara 1207 B_Wither
0%
Carboniferous Stenodictya 134 B_Wither
0%
Carboniferous Stenokranio 1018 B_Wither
0%
Late Cretaceous Stenoprotome 1467 Lemon
0%
Devonian Stensioella 210 Lemon
0%
Jurassic Steurbautichthys 783 Italian Paleogirl/Lemon
0%
Silurian Stoermeropterus 935 Indiyu
0%
Early Cretaceous Stolokrosuchus 1331 Lemon
0%
Jurassic Strobilodus 450 B_Wither
0%
Silurian Strobilopterus 938 B_Wither
0%
Cambrian Stromatocystites 428 Rob
0%
Cambrian Stromatoveris 429 B_Wither
0%
Jurassic Strombus 690 Indiyu
0%
Devonian Strudops 841 Magical
0%
Early Cretaceous Sume 1288 B_Wither
0%
Permian Surcaudalus 957 Lemon
0%
Precambrian Swartpuntia 358 Rob
0%
Permian Sylvohymen 765 Magical
0%
Ordovician Symphysops 708 Indiyu
0%
Triassic Tanaocrossus 951 Lemon
0%
Jurassic Tanycolagreus 845 Erebus
0%
Carboniferous Tanyrhinichthys 811 Italian Paleogirl
0%
Early Cretaceous Taquetochelys 1541 B_Wither
0%
Ordovician Tariccoia 1105 Devon
0%
Triassic Tarracodiscus 921 Lemon
0%
Devonian Tauraspis 637 Italian Paleogirl
0%
Precambrian Tawuia 359 Devon
0%
Devonian Tealliocaris 1089 B_Wither
0%
Cambrian Tegopelte 65 B_Wither
0%
Triassic Teleocrater 518 B_Wither
0%
Precambrian Temnoxa 1261 Devon
0%
Ordovician Temperoceras 254 Squidy Specs
0%
Early Cretaceous Teoichthys 1308 B_Wither
0%
Triassic Teraterpeton 1039 Lemon
0%
Triassic Terrestrisuchus 1101 Lemon
0%
Carboniferous Tesnusocaris 1055 B_Wither
0%
Early Cretaceous Tessarolax 1171 Indiyu
0%
Silurian Tetrameroceras 1080 Indiyu
0%
Early Cretaceous Tetrapodophis 1181 JW/Eru
0%
Triassic Teyujagua 1043 Erebus
0%
Early Cretaceous Thaiodus 1212 B_Wither
0%
Ordovician Thamnobeatricea 1226 Rob
0%
Cambrian Thaumaptilon 430 B_Wither
0%
Precambrian Thectardis 360 Rob
0%
Carboniferous Thrinacodus 136 Erebus
0%
Triassic Thrinaxodon 520 Emil
0%
Jurassic Thrissops 593 Italian Paleogirl/B_Wither
0%
Precambrian Thuchomyces 1279 Devon
0%
Silurian Thylacares 1116 B_Wither
0%
Cambrian Thylacocercus 1525 Devon
0%
Jurassic Tianyulong 851 Italian Paleogirl
0%
Early Cretaceous Tietasaura 1182 Devon
0%
Cambrian Timorebestia 941 Nitro
0%
Late Cretaceous Titanosarcolites 1528 Indiyu
0%
Early Cretaceous Tlalocbatos 1314 Lemon
0%
Cambrian Tokummia 66 B_Wither
0%
Ordovician Tomlinsonus 617 B_Wither
0%
Early Cretaceous Tomognathus 1048 B_Wither
0%
Silurian Torpedaspis 536 B_Wither
0%
Early Cretaceous Toucasia 1517 Indiyu
0%
Early Cretaceous Toxolophosaurus 1180 JW
0%
Carboniferous Traquairius 137 B_Wither
0%
Triassic Traumatocrinus 431 Rob
0%
Cambrian Tremaglaspis 1108 Devon
0%
Early Cretaceous Tribodus 1148 B_Wither
0%
Ordovician Tribrachiodemas 706 Indiyu
0%
Late Cretaceous Tricerichthys 1469 Lemon
0%
Triassic Trilophosaurus 1084 B_Wither
0%
Silurian Trimeroceras 1394 Indiyu
0%
Carboniferous Triodus 1536 B_Wither
0%
Jurassic Tritylodon 798 Totemaster
0%
Early Cretaceous Tropaeum 1186 Indiyu
0%
Triassic Tropidosuchus 1078 Lemon
0%
Triassic Tropites 1379 Indiyu
0%
Carboniferous Trypanognathus 1507 B_Wither
0%
Silurian Tujiaaspis 1286 Lemon
0%
Jurassic Tuojiangosaurus 840 Lemon/Indiyu
0%
Early Cretaceous Turbomesodon 1290 B_Wither
0%
Permian Turfania 1524 B_Wither
0%
Devonian Turrisaspis 214 Italian Paleogirl
0%
Carboniferous Typhloesus 702 Indiyu
0%
Jurassic Uarbryichthys 776 B_Wither
0%
Early Cretaceous Uighuroniscus 1158 Lemon
0%
Early Cretaceous Uktenadactylus 1326 Lemon/Devon
0%
Ordovician Uralichas 571 Indiyu
0%
Permian Uranocentrodon 325 B_Wither
0%
Carboniferous Urocordylus 140 B_Wither
0%
Cambrian Urokodia 946 Lemon
0%
Permian Urosthenes 326 Italian Paleogirl
0%
Devonian Vachonisia 616 B_Wither
0%
Early Cretaceous Valdosaurus 1303 Eru
0%
Early Cretaceous Valdotriton 1356 B_Wither
0%
Jurassic Vampyronassa 679 B_Wither
0%
Triassic Vancleavea 521 B_Wither
0%
Permian Varialepis 327 Lemon
0%
Precambrian Vaveliksia 1249 Devon
0%
Carboniferous Velisoptera 1414 B_Wither
0%
Early Cretaceous Velocipede 1404 JW
0%
Precambrian Vendoconularia 1238 Devon
0%
Precambrian Ventogyrus 362 Rob
0%
Silurian Venustulus 1035 Devon
0%
Early Cretaceous Vesperopterylus 1373 Lemon/Jamie
0%
Carboniferous Vestinautilus 141 Squidy Specs
0%
Cambrian Vetulocystis 1512 Devon
0%
Early Cretaceous Victalimulus 1522 B_Wither
0%
Early Cretaceous Vidalamia 1045 B_Wither
0%
Ordovician Villebrunaster 664 B_Wither
0%
Jurassic Vinctifer 1172 Devon
0%
Permian Vivaxosaurus 328 Totemaster
0%
Jurassic Viviparus 670 Indiyu
0%
Carboniferous Waagenella 992 Indiyu
0%
Early Cretaceous Wakinoichthys 1430 B_Wither
0%
Carboniferous Wardichthys 1037 B_Wither
0%
Devonian Weinbergina 557 B_Wither
0%
Early Cretaceous Wenzichthys 1155 Nitro
0%
Carboniferous Westlothiana 1094 B_Wither
0%
Permian Westrichus 1023 B_Wither
0%
Carboniferous Whatcheeria 142 Lemon
0%
Devonian Willwerathia 217 Lemon
0%
Precambrian Windermeria 1277 [Orb/Devon] / [Orb/Devon]
0%
Devonian Wingertshellicus 558 B_Wither
0%
Jurassic Wukongopterus 858 Lemon/Indiyu
0%
Devonian Wuttagoonaspis 602 Lemon
0%
Early Cretaceous Xeneichthys 1156 Lemon
0%
Cambrian Xianguangia 434 B_Wither
0%
Silurian Xiushanosteus 1287 Lemon
0%
Silurian Xiyuichthys 1532 Lemon
0%
Early Cretaceous Yanosteus 1157 Lemon
0%
Precambrian Yarnemia 1247 Devon
0%
Cambrian Yawunik 70 B_Wither
0%
Late Cretaceous Yezoceras 1456 B_Wither
0%
Cambrian Yohoia 71 B_Wither
0%
Early Cretaceous Yuanyanglong 1342 Nitro
0%
No matching quizzes found
Score Distribution
Percent of People with Each Score
Percentile by Number Answered
Your Score History
You have not taken this quiz since the last reset